| 000 | 00829nam a22002177a 4500 | ||
|---|---|---|---|
| 999 |
_c4876 _d4876 |
||
| 003 | AR-CdUCM | ||
| 008 | 190311b ||||| |||| 00| 0 spa d | ||
| 040 |
_aMUNICIPALIDAD PROVINCIAL DEL CUSCO _cBIBLIOTECA MUNICIPAL DEL CUSCO |
||
| 082 |
_a180 / _bG34 |
||
| 100 |
_aGeiger, Moritz, _914989 |
||
| 245 |
_aEstética : _bLos problemas de la estética fenomenológica / |
||
| 260 |
_aBuenos Aires : _bArgos, _c1947. |
||
| 300 |
_a166 paginas ; _c21 cm. |
||
| 505 | _aContenido :Los problemas de la estética -- La estética axiologica -- La estética empírica -- La estética psicológica -- La ciencia general del arte ... | ||
| 650 |
_aEstética _9589 |
||
| 650 |
_aFenomenología _913000 |
||
| 650 |
_aLa ciencia de las artes _914990 |
||
| 700 |
_aLida, Raimundo (traductor) _914991 |
||
| 942 |
_2ddc _cLIBROS |
||
| 945 | _arum | ||